<?xml version="1.0" encoding="UTF-8"?>
<record
    xmlns:xsi="http://www.w3.org/2001/XMLSchema-instance"
    xsi:schemaLocation="http://www.loc.gov/MARC21/slim http://www.loc.gov/standards/marcxml/schema/MARC21slim.xsd"
    xmlns="http://www.loc.gov/MARC21/slim">

  <leader>01716cam a2200289   4500500</leader>
  <controlfield tag="005">20260426012232.0</controlfield>
  <datafield tag="041" ind1=" " ind2=" ">
    <subfield code="a">fre</subfield>
  </datafield>
  <datafield tag="042" ind1=" " ind2=" ">
    <subfield code="a">dc</subfield>
  </datafield>
  <datafield tag="100" ind1="1" ind2="0">
    <subfield code="a">Jobin, Sylvie</subfield>
    <subfield code="e">author</subfield>
  </datafield>
  <datafield tag="245" ind1="0" ind2="0">
    <subfield code="a">Un espace commun ou une prise en charge pour chacun&#xA0;?</subfield>
  </datafield>
  <datafield tag="260" ind1=" " ind2=" ">
    <subfield code="c">2007.
							</subfield>
  </datafield>
  <datafield tag="500" ind1=" " ind2=" ">
    <subfield code="a">3</subfield>
  </datafield>
  <datafield tag="520" ind1=" " ind2=" ">
    <subfield code="a">R&#xE9;sum&#xE9;Diff&#xE9;rentes illustrations cliniques montrent la n&#xE9;cessit&#xE9; d&#x2019;adapter nos prises en charge au lien particulier qui existe entre les jeunes jumeaux et leur m&#xE8;re.Nous sommes habitu&#xE9;s &#xE0; consid&#xE9;rer la dyade m&#xE8;re-enfant, et nous sommes ici confront&#xE9;s &#xE0; l&#x2019;intervention d&#x2019;un tiers dans cette relation premi&#xE8;re. La consultation individuelle est parfois n&#xE9;cessaire dans le cas du handicap d&#x2019;un des jumeaux, mais nous nous devons de leur ouvrir un espace de travail en commun.</subfield>
  </datafield>
  <datafield tag="520" ind1=" " ind2=" ">
    <subfield code="a">Various clinic pictures show that we need to adapt our consultation to the particular link between young twins and their mothers. We are used to consider the dyad mother-infant and we are faced here with the intervention of another person in this first relationship. The individual consultation may sometime be necessary, in case of handicap of one of the twins. However, we have to offer them a place to work together.</subfield>
  </datafield>
  <datafield tag="690" ind1=" " ind2=" ">
    <subfield code="a">handicap</subfield>
  </datafield>
  <datafield tag="690" ind1=" " ind2=" ">
    <subfield code="a">jumeaux</subfield>
  </datafield>
  <datafield tag="690" ind1=" " ind2=" ">
    <subfield code="a">petite enfance</subfield>
  </datafield>
  <datafield tag="690" ind1=" " ind2=" ">
    <subfield code="a">prise en charge</subfield>
  </datafield>
  <datafield tag="690" ind1=" " ind2=" ">
    <subfield code="a">relation m&#xE8;re-enfant</subfield>
  </datafield>
  <datafield tag="690" ind1=" " ind2=" ">
    <subfield code="a">consultation</subfield>
  </datafield>
  <datafield tag="690" ind1=" " ind2=" ">
    <subfield code="a">handicap</subfield>
  </datafield>
  <datafield tag="690" ind1=" " ind2=" ">
    <subfield code="a">little childhood</subfield>
  </datafield>
  <datafield tag="690" ind1=" " ind2=" ">
    <subfield code="a">mother-infant relationship</subfield>
  </datafield>
  <datafield tag="690" ind1=" " ind2=" ">
    <subfield code="a">twins</subfield>
  </datafield>
  <datafield tag="786" ind1="0" ind2=" ">
    <subfield code="n">Enfances &amp;amp; Psy | 34 | 1 | 2007-03-15 | p. 79-88 | 1286-5559</subfield>
  </datafield>
  <datafield tag="856" ind1="4" ind2="1">
    <subfield code="u">https://shs.cairn.info/revue-enfances-et-psy-2007-1-page-79?lang=fr&amp;redirect-ssocas=7080</subfield>
  </datafield>
  <datafield tag="999" ind1=" " ind2=" ">
    <subfield code="c">2223746</subfield>
    <subfield code="d">2223746</subfield>
  </datafield>
</record>
